Perils and Captivity : (Record no. 252047)
[ view plain ]
| 000 -LEADER | |
|---|---|
| fixed length control field | 01267cam a22003133a 4500 |
| 001 - CONTROL NUMBER | |
| control field | 22792 |
| 003 - CONTROL NUMBER IDENTIFIER | |
| control field | PGUSA |
| 005 - DATE AND TIME OF LATEST TRANSACTION | |
| control field | 20140828083503.0 |
| 008 - FIXED-LENGTH DATA ELEMENTS--GENERAL INFORMATION | |
| fixed length control field | 070928s2007||||xxu|||||s|||||000 | eng d |
| 040 ## - CATALOGING SOURCE | |
| Original cataloging agency | PGUSA |
| Language of cataloging | eng |
| 042 ## - AUTHENTICATION CODE | |
| Authentication code | dc |
| 050 #4 - LIBRARY OF CONGRESS CALL NUMBER | |
| Classification number | G |
| 100 1# - MAIN ENTRY--PERSONAL NAME | |
| Personal name | Dard, Charlotte-Adelaïde |
| 245 10 - TITLE STATEMENT | |
| Title | Perils and Captivity : |
| Remainder of title | Comprising The sufferings of the Picard family after the shipwreck of the Medusa, in the year 1816; Narrative of the captivity of M. de Brisson, in the year 1785; Voyage of Madame Godin along the river of the Amazons, in the year 1770. |
| Medium | [electronic resource] / |
| Statement of responsibility, etc | Charlotte-Adelaïde Dard |
| 260 ## - PUBLICATION, DISTRIBUTION, ETC. (IMPRINT) | |
| Name of publisher, distributor, etc | Project Gutenberg, |
| Date of publication, distribution, etc | 2007 |
| 506 ## - RESTRICTIONS ON ACCESS NOTE | |
| Terms governing access | Public domain in the USA. |
| 516 ## - TYPE OF COMPUTER FILE OR DATA NOTE | |
| Type of computer file or data note | Electronic text |
| 653 ## - INDEX TERM--UNCONTROLLED | |
| Uncontrolled term | Shipwrecks -- South Atlantic Ocean |
| 653 ## - INDEX TERM--UNCONTROLLED | |
| Uncontrolled term | Africa, North -- Social life and customs -- 18th century |
| 653 ## - INDEX TERM--UNCONTROLLED | |
| Uncontrolled term | Godin des Odonais, Isabelle de Grandmaison, b. 1728? |
| 653 ## - INDEX TERM--UNCONTROLLED | |
| Uncontrolled term | Méduse (Ship) |
| 653 ## - INDEX TERM--UNCONTROLLED | |
| Uncontrolled term | Amazon River -- Description and travel |
| 653 ## - INDEX TERM--UNCONTROLLED | |
| Uncontrolled term | Picard family |
| 653 ## - INDEX TERM--UNCONTROLLED | |
| Uncontrolled term | Africa, French-speaking West -- Social life and customs -- 18th century |
| 700 1# - ADDED ENTRY--PERSONAL NAME | |
| Personal name | Maxwell, Patrick |
| 830 #0 - SERIES ADDED ENTRY--UNIFORM TITLE | |
| Uniform title | Project Gutenberg |
| Volume number/sequential designation | 22792 |
| 856 40 - ELECTRONIC LOCATION AND ACCESS | |
| Uniform Resource Identifier | <a href="http://www.gutenberg.org/ebooks/22792">http://www.gutenberg.org/ebooks/22792</a> |
| 942 ## - ADDED ENTRY ELEMENTS (KOHA) | |
| Koha item type | eBooks |
| Withdrawn status | Lost status | Damaged status | Home library | Current library | Date acquired | Total Checkouts | Date last seen | Price effective from | Koha item type |
|---|---|---|---|---|---|---|---|---|---|
| Project Gutenberg | Project Gutenberg | 08/28/2014 | 08/28/2014 | 08/28/2014 | eBooks |